00392 a2200097 4500001001000000005001700010008004100027245015100068100002400219773005100243ART_1843920260410161702.0260409a 10aRégimen de información sobre acciones, participaciones sociales y cuotas partes, de sus transferencias o cesiones y del cambio de autoridades.1 aFerraro, Ricardo H.0 tRevista Impuestosg- Nº 5 (may. 2012)wREV639